150 Biggest Cities In The U.S.A - Statistics

General Stats
  • This quiz has been taken 4,708 times
    3,982 since last reset
  • The average score is 80 of 150
Answer Stats
# State Population City % Correct
2 California 3,999,759 Los Angeles
99%
1 New York 8,622,698 New York City
99%
3 Illinois 2,716,450 Chicago
98%
9 Texas 1,341,075 Dallas
96%
4 Texas 2,312,717 Houston
96%
40 Florida 470,914 Miami
95%
5 Arizona 1,626,078 Phoenix
95%
15 California 883,305 San Francisco
95%
28 Nevada 644,644 Las Vegas
94%
6 Pennsylvania 1,580,863 Philadelphia
94%
21 Massachusetts 694,583 Boston
93%
8 California 1,419,516 San Diego
93%
18 Washington 744,955 Seattle
93%
20 District of Columbia 702,455 Washington D.C.
93%
11 Texas 964,254 Austin
91%
19 Colorado 716,492 Denver
90%
23 Michigan 672,662 Detroit
90%
37 Georgia 498,044 Atlanta
88%
17 Indiana 867,125 Indianapolis
88%
7 Texas 1,511,946 San Antonio
88%
25 Oregon 653,115 Portland
87%
12 Florida 903,889 Jacksonville
85%
24 Tennessee 669,053 Nashville
85%
27 Oklahoma 649,021 Oklahoma City
85%
71 Florida 285,713 Orlando
84%
38 Missouri 491,918 Kansas City
83%
36 California 508,529 Sacramento
83%
14 Ohio 892,533 Columbus
82%
126 Georgia 194,160 Columbus
82%
50 Louisiana 391,006 New Orleans
82%
10 California 1,035,317 San Jose
82%
16 North Carolina 872,498 Charlotte
81%
46 Minnesota 425,403 Minneapolis
81%
49 Florida 392,890 Tampa
81%
26 Tennessee 650,618 Memphis
80%
30 Maryland 602,495 Baltimore
79%
52 Ohio 383,793 Cleveland
79%
32 New Mexico 560,218 Albuquerque
78%
31 Wisconsin 592,025 Milwaukee
77%
22 Texas 682,669 El Paso
76%
56 Hawaii 347,397 Honolulu
76%
64 Missouri 302,838 St. Louis
76%
65 Ohio 302,605 Cincinnati
75%
13 Texas 895,008 Fort Worth
75%
66 Pensylvania 301,048 Pittsburgh
73%
114 Utah 200,591 Salt Lake City
73%
29 Kentucky 620,118 Louisville
72%
41 North Carolina 469,298 Raleigh
71%
83 New York 256,304 Buffalo
70%
33 Arizona 545,975 Tucson
70%
42 Nebraska 468,262 Omaha
68%
39 Colorado 472,688 Colorado Springs
67%
68 Alaska 291,538 Anchorage
64%
34 California 530,093 Fresno
64%
45 California 429,082 Oakland
64%
98 Virginia 228,783 Richmond
64%
47 Oklahoma 400,669 Tulsa
64%
63 Minnesota 307,695 St. Paul
62%
44 Virginia 450,189 Virginia Beach
62%
97 Idaho 228,790 Boise
61%
99 Louisiana 221,599 Baton Rouge
60%
107 Alabama 209,880 Birmingham
60%
86 Nevada 250,998 Reno
60%
70 Nebraska 287,401 Lincoln
59%
127 Florida 193,551 Tallahassee
59%
51 Kansas 389,255 Wichita
58%
101 Iowa 216,853 Des Moines
57%
43 California 467,354 Long Beach
56%
81 Wisconsin 258,054 Madison
56%
73 New Jersey 282,090 Newark
56%
143 Rhode Island 179,335 Providence
55%
89 North Carolina 246,328 Winston–Salem
55%
35 Arizona 508,958 Mesa
54%
121 Akansas 197,881 Little Rock
53%
119 Alabama 198,218 Montgomery
53%
148 Oregon 173,442 Salem
52%
53 California 383,579 Bakersfield
51%
55 Calfornia 352,005 Anaheim
50%
78 New Jersey 265,549 Jersey City
50%
48 Texas 398,112 Arlington
49%
74 Ohio 274,975 Toledo
48%
59 Texas 326,554 Corpus Christi
46%
60 Kentucky 323,780 Lexington
45%
131 Alabama 189,572 Mobile
44%
111 New York 206,284 Rochester
44%
135 Tennessee 187,500 Knoxville
43%
58 California 330,063 Riverside
43%
67 North Carolina 294,722 Greensboro
42%
100 Washington 219,190 Spokane
42%
79 Florida 265,098 St. Petersburg
42%
77 Indiana 267,633 Fort Wayne
41%
54 Colorado 374,114 Aurora
40%
118 Illinois 199,602 Aurora
40%
139 Florida 182,595 Fort Lauderdale
40%
103 California 215,941 San Bernardino
40%
140 South Dakota 181,883 Sioux Falls
40%
75 North Carolina 274,291 Durham
39%
115 Michigan 200,217 Grand Rapids
39%
91 Virginia 244,076 Norfolk
39%
120 Ohio 198,006 Akron
38%
123 Georgia 196,939 Augusta
38%
57 California 332,725 Santa Ana
38%
90 Nevada 245,949 North Las Vegas
37%
61 California 311,178 Stockton
37%
116 Texas 199,924 Amarillo
36%
72 California 282,572 Irvine
35%
84 Texas 255,885 Lubbock
35%
102 Washington 216,279 Tacoma
35%
85 Arizona 255,310 Scottsdale
34%
87 Arizona 250,702 Glendale
33%
112 California 201,361 Glendale
33%
62 Nevada 310,390 Henderson
33%
142 Tennessee 180,557 Chattanooga
32%
80 Texas 261,639 Laredo
31%
69 Texas 288,061 Plano
31%
122 Alabama 197,318 Huntsville
29%
76 California 271,651 Chula Vista
28%
133 Louisiana 188,987 Shreveport
28%
117 New York 199,663 Yonkers
28%
82 Arizona 257,165 Chandler
27%
137 Texas 183,392 Brownsville
26%
94 Texas 242,242 Irving
26%
136 Massachusetts 185,877 Worcester
26%
104 California 215,030 Modesto
25%
106 California 210,089 Santa Clarita
25%
92 Virginia 242,634 Chesapeake
24%
109 North Carolina 209,468 Fayetteville
24%
96 California 237,807 Fremont
24%
138 Washington 183,012 Vancouver
24%
129 Arizona 192,364 Tempe
23%
88 Arizona 248,279 Gilbert
22%
144 Virginia 178,626 Newport News
22%
95 Florida 238,942 Hialeah
21%
146 California 177,586 Santa Rosa
21%
113 California 200,641 Huntington Beach
20%
132 Florida 189,343 Cape Coral
19%
93 Texas 242,507 Garland
19%
108 California 209,877 Oxnard
19%
134 Texas 188,170 Frisco
16%
141 California 181,107 Ontario
16%
128 Kansas 192,536 Overland Park
16%
124 Florida 195,248 Port St. Lucie
16%
147 California 176,080 Oceanside
15%
110 California 209,050 Moreno Valley
13%
105 California 213,739 Fontana
12%
130 Texas 191,645 McKinney
12%
149 California 172,886 Elk Grove
11%
125 Texas 194,614 Grand Prairie
11%
145 California 177,751 Rancho Cucamonga
11%
150 California 172,646 Garden Grove
9%
No matching quizzes found
Score Distribution
Percent of People with Each Score
Percentile by Number Answered
Your Score History
You have not taken this quiz since the last reset